000 00265nam a22000977a 4500
999 _c11494
_d11494
008 190529b ||||| |||| 00| 0 eng d
020 _a9780340944455
100 _aBateman Colin
_97211
245 _aTitanic-2020
260 _aGreat Britian
_bHachette Children books
_c2007